|
|
|
|
| LEADER |
00000nam0a2200000 4500 |
| 001 |
682561 |
| 005 |
20251117130839.0 |
| 010 |
|
|
|a 978-5-9729-2753-1
|
| 090 |
|
|
|a 682561
|
| 100 |
|
|
|a 20251024d2026 m||y0rusy50 ca
|
| 101 |
0 |
|
|a rus
|
| 102 |
|
|
|a RU
|
| 105 |
|
|
|a a j 001yy
|
| 181 |
|
0 |
|a i
|b e
|
| 182 |
|
0 |
|a n
|
| 183 |
|
0 |
|a nc
|2 RDAcarrier
|
| 200 |
1 |
|
|a Прогрессивные технологии в машиностроении
|e учебное пособие
|f В. Г. Солдатов, Я. А. Вавилин, Е. В. Удовенко
|
| 203 |
|
|
|a Текст
|b визуальный
|c непосредственный
|
| 210 |
|
|
|a Москва
|a Вологда
|c Инфра-Инженерия
|d 2026
|
| 215 |
|
|
|a 206 с.
|c ил., табл.
|
| 283 |
|
|
|a volume
|2 RDAcarrier
|
| 320 |
|
|
|a Список использованной и рекомендованной литературы: с. 202-206
|
| 330 |
|
|
|a Изложены вопросы, связанные с созданием, совершенствованием и внедрением прогрессивных машиностроительных технологий. Рассмотрены основные тенденции развития промышленного производства с позиции Индустрии 4.0 и устойчивого развития с учетом требований по эффективному использованию ресурсов. Для студентов всех форм обучения по следующим укрупненным группам cпециальностей и направлений подготовки: "Машиностроение», "Технологические шины и оборудование", "Прикладная механика", "Автоматизация технологических процессов и производств", "Конструкторско-технологическое обеспечение машиностроительных производств", "Мехатроника и робототехника", "Проектирование технологических машин и комплексов", а также может быть полезно для инженерно-технического персонала машиностроительных предприятий.
|
| 606 |
|
|
|a Машиностроение
|x Технология
|9 61275
|
| 610 |
1 |
|
|a прогрессивные машиностроительные технологии
|
| 610 |
1 |
|
|a промышленное производство
|
| 610 |
1 |
|
|a современные направления
|
| 610 |
1 |
|
|a зеленое производство
|
| 610 |
1 |
|
|a Индустрия 4.0
|
| 610 |
1 |
|
|a устойчивое развитие
|
| 610 |
1 |
|
|a ресурсы
|
| 610 |
1 |
|
|a эффективное использование
|
| 610 |
1 |
|
|a учебные пособия
|
| 675 |
|
|
|a 621.002
|v 4
|
| 700 |
|
1 |
|a Солдатов
|b В. Г.
|g Валерий Геннадьевич
|
| 701 |
|
1 |
|a Вавилин
|b Я. А.
|g Ярослав Александрович
|
| 701 |
|
1 |
|a Удовенко
|b Е. В.
|g Елена Васильевна
|
| 801 |
|
0 |
|c 20251024
|a RU
|b 63413507
|
| 942 |
|
|
|c BK
|